| 000 | 00000nam 2200000zi 4500 |
| 001 | 9.938291 |
| 003 | CaOODSP |
| 005 | 20241118112937 |
| 006 | m o d f |
| 007 | cr mn||||||||| |
| 008 | 240514t20232023oncabo ob f000 0 eng d |
| 020 | |a9780660719450 |
| 040 | |aCaOODSP|beng|erda|cCaOODSP |
| 043 | |an-cn--- |
| 086 | 1 |aCW69-14/835-2024E-PDF |
| 245 | 00|aCOSEWIC assessment and status report on the Hibberson's Trillium, Trillium hibbersonii, in Canada. |
| 264 | 1|aOttawa, ON : |bCommittee on the Status of Endangered Wildlife in Canada = Comité sur la situation des espèces en péril au Canada, |c2023. |
| 264 | 4|c©2023 |
| 300 | |a1 online resource (xii, 37 pages) : |billustrations, maps, photographs |
| 336 | |atext|btxt|2rdacontent |
| 337 | |acomputer|bc|2rdamedia |
| 338 | |aonline resource|bcr|2rdacarrier |
| 500 | |aIssued also in French under title: Évaluation et rapport de situation du COSEPAC sur le Trille de Hibberson, Trillium hibbersonii au Canada. |
| 500 | |a"Threatened 2023." |
| 504 | |aIncludes bibliographical references (pages 26-30). |
| 520 | |a"Hibberson’s Trillium is a small perennial herb with three broadly ovate leaves. The flowers grow on a short pedicel and have three pink petals that are offset with three green, fully divided sepals. Hibberson’s Trillium is endemic to the west coast of Canada. Its showy flowers and diminutive stature have made it a sought-after horticultural species"--Executive summary, page iv. |
| 650 | 0|aEndangered plants|zCanada. |
| 650 | 0|aTrilliums|zCanada. |
| 710 | 2 |aCommittee on the Status of Endangered Wildlife in Canada, |eissuing body. |
| 775 | 08|tÉvaluation et rapport de situation du COSEPAC sur le Hibberson's trillium, Trillium hibbersonii, au Canada.|w(CaOODSP)9.938292 |
| 856 | 40|qPDF|s1.40 MB|uhttps://publications.gc.ca/collections/collection_2024/eccc/cw69/CW69-14-835-2024-eng.pdf |
| 856 | 4 |qHTML|sN/A|uhttps://www.canada.ca/en/environment-climate-change/services/species-risk-public-registry/cosewic-assessments-status-reports/hibbersons-trillium-2023.html |